The effects of various active recovery intensities upon muscle performance and cardiovascular parameters /

Bibliographic Details
Main Author: Welsh, Timothy T.
Format: Thesis Microform Book
Language:English
Published: [Place of publication not identified] : [publisher not identified] ; 2001.
Subjects:

MARC

Tag First Indicator Second Indicator Subfields
LEADER 00000ctm a2200000Ia 4500
001 in00001783607
005 20151025114742.0
007 he bmb024baca
008 030310s2001 xx bbm 000 0 eng d
035 |a (OCoLC)ocm51821620 
037 |a HE 737  |b Microform Publications 
040 |a ORU  |c MUU  |d MUU  |d HPE  |d UtOrBLW 
049 |a TXAM 
090 |a QP321  |b .W45 2001a 
092 |a 613.71 
100 1 |a Welsh, Timothy T. 
245 1 4 |a The effects of various active recovery intensities upon muscle performance and cardiovascular parameters /  |c by Timothy T. Welsh. 
264 1 |a [Place of publication not identified] :  |b [publisher not identified] ;  |c 2001. 
300 |a iv, 60 leaves. 
336 |a text  |b txt  |2 rdacontent 
337 |a microform  |b h  |2 rdamedia 
338 |a microfiche  |b he  |2 rdacarrier 
502 |b M.S.  |c Slippery Rock University  |d 2001. 
504 |a Includes bibliographical references (leaves 48-51). 
533 |a Microfiche.  |b Eugene :  |c Microform Publications, University of Oregon,  |d 2002.  |e 1 microfiche : negative.  |n "UO 02 322." 
500 |a Microform. 
650 0 |a Exercise  |x Physiological aspects. 
650 0 |a Muscles. 
650 0 |a Fatigue  |x Exercise therapy. 
948 |a cataloged  |b h  |c 2003/11/10  |d c  |e ceaton  |f 3:54:43 pm 
994 |a 92  |b TXA 
999 |a MARS 
999 f f |s 0f5d2507-28b7-3883-a618-fe1f696e0b61  |i 939eb51f-e025-35a1-875d-a26d1e067d13  |t 0 
952 f f |p normal  |a Texas A&M University  |b College Station  |c Sterling C. Evans Library  |d Evans: Microforms Fiche (3rd floor)  |t 0  |e QP321 .W45 2001a  |h Library of Congress classification  |i microform -- microfiche  |m A14830767362 
998 f f |a QP321 .W45 2001a  |t 0  |l Evans: Microforms Fiche (3rd floor)